{"text_format":"3","workbook":"xlsx","n_sheets":1,"sheets":["t162"],"read":"whole","date_system":"1900"}

{"sheet":"t162","index":0,"n_rows":162,"n_cols":7,"rows_kept":162,"merged":[[0,0,0,6],[28,0,28,5],[39,0,39,5],[144,0,144,5]]}
["TABELA 162.1 - Estatísticas Agrícolas, Município de Dumont, Estado de São Paulo, 2016/17."]
["ITEM","UNIDADE","N.DE UPAs","MÍNIMO","MÉDIO","MÁXIMO","TOTAL"]
["Distância à sede do município","km",316,0.1,{"v":3.81,"d":"3.8"},{"v":16,"d":"16.0"},"-"]
["Área total","hectare",316,0.2,{"v":33.42,"d":"33.4"},702.9,{"v":10560.8,"d":"10,560.8"}]
["Área com cultura perene","hectare",1,0.9,0.9,0.9,0.9]
["Área com cultura temporária","hectare",301,0.6,31.7,665.9,{"v":9542.4,"d":"9,542.4"}]
["Área com pastagem","hectare",12,0.5,{"v":3.28,"d":"3.3"},7.8,39.4]
["Área com reflorestamento","hectare",3,0.3,2.3,5.2,6.9]
["Área com vegetação natural","hectare",202,0.1,{"v":3.53,"d":"3.5"},67.8,713.3]
["Área com vegetação de brejo e várzea","hectare",8,0.4,{"v":6.84,"d":"6.8"},{"v":37,"d":"37.0"},54.7]
["Área em descanso","hectare",1,4.6,4.6,4.6,4.6]
["Área complementar","hectare",102,0.1,{"v":1.95,"d":"2.0"},17.7,198.6]
["Área das UPAs com (0, 1] ha","hectare",4,0.2,{"v":0.73,"d":"0.7"},0.9,2.9]
["Área das UPAs com (1, 2] ha","hectare",5,1.1,{"v":1.28,"d":"1.3"},1.6,6.4]
["Área das UPAs com (2, 5] ha","hectare",36,2.1,{"v":3.45,"d":"3.5"},{"v":5,"d":"5.0"},124.2]
["Área das UPAs com (5, 10] ha","hectare",60,5.1,{"v":7.65,"d":"7.7"},{"v":10,"d":"10.0"},459.1]
["Área das UPAs com (10, 20] ha","hectare",86,10.1,{"v":14.22,"d":"14.2"},{"v":20,"d":"20.0"},{"v":1223.2,"d":"1,223.2"}]
["Área das UPAs com (20, 50] ha","hectare",74,20.7,{"v":31.26,"d":"31.3"},48.4,{"v":2313,"d":"2,313.0"}]
["Área das UPAs com (50, 100] ha","hectare",34,50.6,{"v":63.74,"d":"63.7"},{"v":100,"d":"100.0"},{"v":2167.2,"d":"2,167.2"}]
["Área das UPAs com (100, 200] ha","hectare",11,113.3,{"v":143.85,"d":"143.9"},195.6,{"v":1582.3,"d":"1,582.3"}]
["Área das UPAs com (200, 500] ha","hectare",3,222.6,{"v":278.93,"d":"278.9"},{"v":366,"d":"366.0"},836.8]
["Área das UPAs com (500, 1.000] ha","hectare",3,{"v":505,"d":"505.0"},{"v":615.23,"d":"615.2"},702.9,{"v":1845.7,"d":"1,845.7"}]
["Área das UPAs com (1.000, 2.000] ha","hectare","-","-","-","-","-"]
["Área das UPAs com (2.000, 5.000] ha","hectare","-","-","-","-","-"]
["Área das UPAs com (5.000, 10.000] ha","hectare","-","-","-","-","-"]
["Área das UPAs acima de 10.000 ha","hectare","-","-","-","-","-"]
["Fonte: Secretaria de Agricultura e Abastecimento, CDRS/IEA, Projeto LUPA."]
[]
["TABELA 162.2 - Explorações Animais, Município de Dumont, Estado de São Paulo, 2016/17."]
["ITEM","UNIDADE","N.DE UPAs","MÍNIMO","MÉDIO","MÁXIMO","TOTAL"]
["Bovinocultura de corte","cabecas",3,{"v":5,"d":"5.0"},{"v":11,"d":"11.0"},{"v":17,"d":"17.0"},{"v":33,"d":"33.0"}]
["Bovinocultura leiteira","cabecas",1,{"v":28,"d":"28.0"},{"v":28,"d":"28.0"},{"v":28,"d":"28.0"},{"v":28,"d":"28.0"}]
["Bovinocultura mista","cabecas",2,{"v":3,"d":"3.0"},7.5,{"v":12,"d":"12.0"},{"v":15,"d":"15.0"}]
["Equinocultura","cabecas",6,{"v":1,"d":"1.0"},4.5,{"v":8,"d":"8.0"},{"v":27,"d":"27.0"}]
["Ovinocultura","cabecas",3,{"v":8,"d":"8.0"},{"v":12.67,"d":"12.7"},{"v":20,"d":"20.0"},{"v":38,"d":"38.0"}]
["Piscicultura","m2 tanques",1,{"v":24000,"d":"24,000.0"},{"v":24000,"d":"24,000.0"},{"v":24000,"d":"24,000.0"},{"v":24000,"d":"24,000.0"}]
["Suinocultura","cabecas",2,{"v":15,"d":"15.0"},17.5,{"v":20,"d":"20.0"},{"v":35,"d":"35.0"}]
["Fonte: Secretaria de Agricultura e Abastecimento, CDRS/IEA, Projeto LUPA."]
[]
["TABELA 162.3 -  Máquinas, Implementos e Benfeitorias, Município de Dumont, Estado de São Paulo, 2016/17."]
["ITEM","UNIDADE","N.DE UPAs","MÍNIMO","MÉDIO","MÁXIMO","TOTAL"]
["Arado comum (bacia, aiveca)","unidade",17,{"v":1,"d":"1.0"},{"v":1.76,"d":"1.8"},{"v":5,"d":"5.0"},{"v":30,"d":"30.0"}]
["Arado escarificador","unidade",10,{"v":1,"d":"1.0"},1.5,{"v":2,"d":"2.0"},{"v":15,"d":"15.0"}]
["Arado subsolador","unidade",22,{"v":1,"d":"1.0"},{"v":1.77,"d":"1.8"},{"v":6,"d":"6.0"},{"v":39,"d":"39.0"}]
["Batedeira de cereais","unidade",5,{"v":1,"d":"1.0"},3.2,{"v":12,"d":"12.0"},{"v":16,"d":"16.0"}]
["Camara fria","unidade",2,{"v":2,"d":"2.0"},{"v":4,"d":"4.0"},{"v":6,"d":"6.0"},{"v":8,"d":"8.0"}]
["Carregadeira de cana","unidade",15,{"v":1,"d":"1.0"},{"v":1.47,"d":"1.5"},{"v":3,"d":"3.0"},{"v":22,"d":"22.0"}]
["Carreta de trator","unidade",6,{"v":1,"d":"1.0"},{"v":1.67,"d":"1.7"},{"v":3,"d":"3.0"},{"v":10,"d":"10.0"}]
["Colhedeira acoplada","unidade",10,{"v":2,"d":"2.0"},4.5,{"v":6,"d":"6.0"},{"v":45,"d":"45.0"}]
["Colhedeira automotriz","unidade",5,{"v":1,"d":"1.0"},1.2,{"v":2,"d":"2.0"},{"v":6,"d":"6.0"}]
["Computador","unidade",7,{"v":1,"d":"1.0"},{"v":2.14,"d":"2.1"},{"v":6,"d":"6.0"},{"v":15,"d":"15.0"}]
["Conj.irrigacao pivot central","unidade",1,{"v":1,"d":"1.0"},{"v":1,"d":"1.0"},{"v":1,"d":"1.0"},{"v":1,"d":"1.0"}]
["Conjunto de fenacao","unidade",1,{"v":1,"d":"1.0"},{"v":1,"d":"1.0"},{"v":1,"d":"1.0"},{"v":1,"d":"1.0"}]
["Desintegrador, picador, triturador","unidade",5,{"v":1,"d":"1.0"},1.2,{"v":2,"d":"2.0"},{"v":6,"d":"6.0"}]
["Distribuidor de calcario","unidade",14,{"v":1,"d":"1.0"},{"v":1.64,"d":"1.6"},{"v":5,"d":"5.0"},{"v":23,"d":"23.0"}]
["Grade aradora (tipo romi)","unidade",18,{"v":1,"d":"1.0"},{"v":1.78,"d":"1.8"},{"v":7,"d":"7.0"},{"v":32,"d":"32.0"}]
["Grade niveladora","unidade",23,{"v":1,"d":"1.0"},{"v":1.74,"d":"1.7"},{"v":4,"d":"4.0"},{"v":40,"d":"40.0"}]
["Pulverizador tratorizado","unidade",31,{"v":1,"d":"1.0"},{"v":2.45,"d":"2.5"},{"v":6,"d":"6.0"},{"v":76,"d":"76.0"}]
["Resfriador de leite, tanque expansao","unidade",1,{"v":1,"d":"1.0"},{"v":1,"d":"1.0"},{"v":1,"d":"1.0"},{"v":1,"d":"1.0"}]
["Roçadeira tratorizada","unidade",2,{"v":1,"d":"1.0"},1.5,{"v":2,"d":"2.0"},{"v":3,"d":"3.0"}]
["Roçadora","unidade",5,{"v":1,"d":"1.0"},1.6,{"v":3,"d":"3.0"},{"v":8,"d":"8.0"}]
["Semeadeira/adubadeira para plantio convencional","unidade",13,{"v":1,"d":"1.0"},{"v":3.62,"d":"3.6"},{"v":8,"d":"8.0"},{"v":47,"d":"47.0"}]
["Semeadeira/plantadeira plantio direto","unidade",7,{"v":1,"d":"1.0"},{"v":3.14,"d":"3.1"},{"v":5,"d":"5.0"},{"v":22,"d":"22.0"}]
["Tecnologias de gps para controle de máquinas","unidade",1,{"v":6,"d":"6.0"},{"v":6,"d":"6.0"},{"v":6,"d":"6.0"},{"v":6,"d":"6.0"}]
["Terraceador","unidade",4,{"v":1,"d":"1.0"},{"v":1,"d":"1.0"},{"v":1,"d":"1.0"},{"v":4,"d":"4.0"}]
["Trator de esteiras","unidade",1,{"v":1,"d":"1.0"},{"v":1,"d":"1.0"},{"v":1,"d":"1.0"},{"v":1,"d":"1.0"}]
["Trator de pneus  acima de 85 cv","unidade",26,{"v":1,"d":"1.0"},{"v":3,"d":"3.0"},{"v":12,"d":"12.0"},{"v":78,"d":"78.0"}]
["Trator de pneus até 65 cv","unidade",21,{"v":1,"d":"1.0"},{"v":2.57,"d":"2.6"},{"v":10,"d":"10.0"},{"v":54,"d":"54.0"}]
["Trator de pneus de 66 cv a 85 cv","unidade",23,{"v":1,"d":"1.0"},{"v":2.83,"d":"2.8"},{"v":11,"d":"11.0"},{"v":65,"d":"65.0"}]
["Acude/represa","unidade",17,{"v":1,"d":"1.0"},{"v":1.47,"d":"1.5"},{"v":4,"d":"4.0"},{"v":25,"d":"25.0"}]
["Almoxarifado/oficina","unidade",16,{"v":1,"d":"1.0"},{"v":1.13,"d":"1.1"},{"v":2,"d":"2.0"},{"v":18,"d":"18.0"}]
["Armazem para graos ensacados","sacas",17]
["Balanca para bovinos","unidade",1,{"v":3,"d":"3.0"},{"v":3,"d":"3.0"},{"v":3,"d":"3.0"},{"v":3,"d":"3.0"}]
["Balanca para veiculos","unidade",3,{"v":1,"d":"1.0"},{"v":1,"d":"1.0"},{"v":1,"d":"1.0"},{"v":3,"d":"3.0"}]
["Barracao para granja/avicultura","unidade",1,{"v":2,"d":"2.0"},{"v":2,"d":"2.0"},{"v":2,"d":"2.0"},{"v":2,"d":"2.0"}]
["Barracao/galpao/garagem","unidade",40,{"v":1,"d":"1.0"},{"v":1.28,"d":"1.3"},{"v":7,"d":"7.0"},{"v":51,"d":"51.0"}]
["Casa de moradia habitada","unidade",52,{"v":1,"d":"1.0"},{"v":1.73,"d":"1.7"},{"v":8,"d":"8.0"},{"v":90,"d":"90.0"}]
["Casa de moradia total","unidade",55,{"v":1,"d":"1.0"},{"v":1.84,"d":"1.8"},{"v":8,"d":"8.0"},{"v":101,"d":"101.0"}]
["Curral/mangueira","unidade",9,{"v":1,"d":"1.0"},{"v":1,"d":"1.0"},{"v":1,"d":"1.0"},{"v":9,"d":"9.0"}]
["Deposito/tulha","unidade",5,{"v":1,"d":"1.0"},{"v":1,"d":"1.0"},{"v":1,"d":"1.0"},{"v":5,"d":"5.0"}]
["Engenho","unidade",1,{"v":1,"d":"1.0"},{"v":1,"d":"1.0"},{"v":1,"d":"1.0"},{"v":1,"d":"1.0"}]
["Estabulo","unidade",3,{"v":1,"d":"1.0"},{"v":1,"d":"1.0"},{"v":1,"d":"1.0"},{"v":3,"d":"3.0"}]
["Instalacoes para equinos","unidade",1,{"v":1,"d":"1.0"},{"v":1,"d":"1.0"},{"v":1,"d":"1.0"},{"v":1,"d":"1.0"}]
["Maquina de beneficio","unidade",7,{"v":1,"d":"1.0"},{"v":2.14,"d":"2.1"},{"v":8,"d":"8.0"},{"v":15,"d":"15.0"}]
["Pocilga","unidade",5,{"v":1,"d":"1.0"},{"v":1,"d":"1.0"},{"v":1,"d":"1.0"},{"v":5,"d":"5.0"}]
["Poco semi-artesiano","unidade",15,{"v":1,"d":"1.0"},{"v":1,"d":"1.0"},{"v":1,"d":"1.0"},{"v":15,"d":"15.0"}]
["Secador de graos","unidade",10,{"v":1,"d":"1.0"},3.9,{"v":9,"d":"9.0"},{"v":39,"d":"39.0"}]
["Silo para graos","ton",2]
["Silo para silagem","ton",2]
["Terreiro","m2",1]
["Fonte: Secretaria de Agricultura e Abastecimento, CDRS/IEA, Projeto LUPA."]
[]
["TABELA 162.4 - Outras Estatísticas Agrícolas, Município de Dumont, Estado de São Paulo, 2016/17."]
["ITEM","Número de UPAs",null,"Percentual"]
["Faz Parte de Associação de Produtores",248,null,{"v":78.48101265822785,"d":"78.5"}]
["Faz Parte de Cooperativa de Produtores",283,null,{"v":89.55696202531645,"d":"89.6"}]
["Faz Parte do Sindicato de Produtores",103,null,{"v":32.59493670886076,"d":"32.6"}]
["Não utiliza assistência técnica ",35,null,{"v":11.075949367088608,"d":"11.1"}]
["Utiliza somente assistência técnica governamental ",8,null,{"v":2.5316455696202533,"d":"2.5"}]
["Utiliza somente assistência técnica privada ",159,null,{"v":50.31645569620253,"d":"50.3"}]
["Utiliza assistência técnica tanto governamental quanto privada",114,null,{"v":36.075949367088604,"d":"36.1"}]
["Utiliza Crédito Rural",104,null,{"v":32.91139240506329,"d":"32.9"}]
["Utiliza Seguro Rural",63,null,{"v":19.936708860759495,"d":"19.9"}]
["Utiliza Escrituração Agrícola",193,null,{"v":61.07594936708861,"d":"61.1"}]
["Acessa Internet p/ Fins na Agropecuária",140,null,{"v":44.303797468354425,"d":"44.3"}]
["Utiliza Computador nas Atividades Agropecuárias",137,null,{"v":43.35443037974684,"d":"43.4"}]
["Utiliza Energia Elétrica Para Uso na Atividade Agrícola",88,null,{"v":27.848101265822784,"d":"27.8"}]
["Utiliza Energia Alternativa",1,null,{"v":0.31645569620253167,"d":"0.3"}]
["Realiza Análise de Solo, quando necessário",277,null,{"v":87.65822784810126,"d":"87.7"}]
["Realiza Calagem",132,null,{"v":41.77215189873417,"d":"41.8"}]
["Utiliza Práticas de Conservação de Solo, quando necessário",292,null,{"v":92.40506329113923,"d":"92.4"}]
["Faz Adubação Mineral, quando necessário",284,null,{"v":89.87341772151898,"d":"89.9"}]
["Faz Adubação Orgânica, quando necessário",19,null,{"v":6.012658227848101,"d":"6.0"}]
["Faz Adubação Verde, quando necessário",14,null,{"v":4.430379746835443,"d":"4.4"}]
["Utiliza Manejo Integrado de Pragas (MIP)","-",null,"-"]
["Utiliza Hidroponia","-",null,"-"]
["Utiliza Cultivo em Estufa","-",null,"-"]
["Utiliza Mudas Fiscalizadas",36,null,{"v":11.39240506329114,"d":"11.4"}]
["Utiliza Semente Melhorada",26,null,{"v":8.227848101265822,"d":"8.2"}]
["Faz Confinamento de Bovinos",4,null,{"v":1.2658227848101267,"d":"1.3"}]
["Utiliza Pastejo Intensivo",1,null,{"v":0.31645569620253167,"d":"0.3"}]
["Faz Inseminação Artificial","-",null,"-"]
["Faz Mineralização do Rebanho",3,null,{"v":0.949367088607595,"d":"0.9"}]
["Faz Vermifugação do Rebanho",3,null,{"v":0.949367088607595,"d":"0.9"}]
["Possui Parceiros /Arrendatários na Exploração Animal",55,null,{"v":17.40506329113924,"d":"17.4"}]
["Existência de trabalhadores c/ deficiência na UPA","-",null,"-"]
["Esporte e lazer",3,null,{"v":0.949367088607595,"d":"0.9"}]
["Extração mineral","-",null,"-"]
["Hotel Fazenda, Pousada ou SPA","-",null,"-"]
["Pesque-pague",2,null,{"v":0.6329113924050633,"d":"0.6"}]
["Restaurante ou Lanchonete","-",null,"-"]
["Transformação artesanal",1,null,{"v":0.31645569620253167,"d":"0.3"}]
["Turismo rural ou ecoturismo","-",null,"-"]
["Outras atividades econômicas rurais",1,null,{"v":0.31645569620253167,"d":"0.3"}]
["Agroindústria",2,null,{"v":0.6329113924050633,"d":"0.6"}]
["Proprietário sem instrução ou com instrução incompleta","-",null,"-"]
["Proprietário com antigo primário completo",31,null,{"v":9.810126582278482,"d":"9.8"}]
["Proprietário com 1° grau (ou antigo ginasial) completo",67,null,{"v":21.20253164556962,"d":"21.2"}]
["Proprietário com 2° grau (ou antigo colegial) completo",122,null,{"v":38.607594936708864,"d":"38.6"}]
["Proprietário com curso superior completo ",77,null,{"v":24.367088607594937,"d":"24.4"}]
["Pessoa Jurídica",19,null,{"v":6.012658227848101,"d":"6.0"}]
["Proprietário residente na própria UPA ",39,null,{"v":12.341772151898734,"d":"12.3"}]
["Fonte: Secretaria de Agricultura e Abastecimento, CDRS/IEA, Projeto LUPA."]
[]
["TABELA 162.5 - Área Cultivada, Município de Dumont, Estado de São Paulo, 2016/17."]
["CULTURA","N.DE UPAs","MÍNIMO","MÉDIO","MÁXIMO","TOTAL"]
["Cana-de-acucar finalidade industria",285,0.6,{"v":33.04,"d":"33.0"},665.9,{"v":9417,"d":"9,417.0"}]
["Amendoim",61,0.5,{"v":13.73,"d":"13.7"},{"v":95,"d":"95.0"},837.8]
["Milho safra",9,{"v":1,"d":"1.0"},{"v":8.09,"d":"8.1"},{"v":49,"d":"49.0"},72.8]
["Soja",5,{"v":4,"d":"4.0"},{"v":10.32,"d":"10.3"},{"v":20,"d":"20.0"},51.6]
["Braquiaria",10,0.5,{"v":3.11,"d":"3.1"},7.5,31.1]
["Milho-silagem",2,3.7,12.1,20.5,24.2]
["Eucalipto",2,0.3,{"v":2.75,"d":"2.8"},5.2,5.5]
["Mandioca",2,1.2,2.7,4.2,5.4]
["Gramíneas para fenação (tonelada)",1,{"v":5,"d":"5.0"},{"v":5,"d":"5.0"},{"v":5,"d":"5.0"},{"v":5,"d":"5.0"}]
["Gramas",1,2.8,2.8,2.8,2.8]
["Feijao",1,2.7,2.7,2.7,2.7]
["Pinus",1,1.4,1.4,1.4,1.4]
["Cafe",1,0.9,0.9,0.9,0.9]
["Quiabo",1,0.5,0.5,0.5,0.5]
["Outras gramineas para pastagem",1,0.5,0.5,0.5,0.5]
["Fonte: Secretaria de Agricultura e Abastecimento, CDRS/IEA, Projeto LUPA."]